000 00478nmm a2200169Ia 4500
008 251105s9999||||xx |||||||||||||||||und||
020 _a9789681672621
041 _aspa
100 _aBerman, Sabina
245 0 _aPuro teatro
264 _a[México D.C., Mexico] :
_bFondo de Cultura Económica,
_c2011
300 _a551 páginas
490 _aLetras Mexicanas
650 _aLatin American theater
856 _uhttps://public.digitaliapublishing.com/a/43019
942 _cCF
999 _c96972
_d96972